01291 a2200181 45000010006000000050017000060080041000230030015000640400040000790800022001192450032001410200018001732640043001913000028002345050690002621000027009528560130009791607620260407155454.0260407a1997 arg spa dAR-UNSa-BCEJYS aAR-UNSa-BCEJYSbspacAR-UNSa-BCEJYS a657xContabilidad10aNormas contables argentinas a950-537-401-1 1aBuenos Aires :bEdiciones Macchic1997 axxxviii, 711 p.c22 cm. a1. La sanción de normas contables en la Argentina - 2. Normas generales (RTS 10 y 12, y RES. 110/92) - 3. Ajustes por inflación (RT 6 y RES. 140/96) - 4. Conversiones de estados contables (RT 13) - 5. Consolidación (RT 4) - 6. Método del VPP (RT 5) - 7. Estados contables en general (RT 8) - 8. Estados contables de entes comerciales, industriales y de servicios (RT 9) - 9. Estados contables de entes sin fines de lucro (RT 11) - 10. Normas del código de comercio y de la ley de sociedades comerciales - 11. El decreto 316/95, de rechazo a los ajustes por inflación - 12. Normas para sociedades con cotización - 13. Normas de la IGP para entes domiciliados en la capital1 aFowler Newton, Enrique41uhttps://t1.gstatic.com/images?q=tbn:ANd9GcTHKVucETjlwe-mgU6dukCRXINP5bRPppQq_bSpPph6kjhy4Tn1WgyImagen de portadaqimage/jpeg